Ergänze das Autokennzeichen (D) - Statistiken

Allgemein
  • Dieses Quiz wurde 852 mal gespielt
  • Das Durchschnittsergebnis liegt bei 15 aus 15
Antwortstatistiken
Stadt 1 2 3 % Korrekt
Passau P - A
100%
Karlsruhe K - A
100%
Rostock H R O
100%
Koblenz K - O
100%
Saarbrücken S - B
99%
Jena - - J
99%
Main-Kinzig-Kreis M K K
99%
Ulm U - L
99%
Bonn B - N
99%
Kassel K - S
99%
Vogtlandkreis - - V
99%
Wiesbaden W - I
98%
Freiburg im Breisgau F - R
98%
Bundeswehr - - Y
93%
Nürnberger Land L A U
91%
Keine übereinstimmenden Quizze gefunden
Verteilung der Resultate
Anzahl Personen mit jedem Resultat
Perzentil nach korrekt beantworteten Fragen
Ihre Resultats-Entwicklung
Sie haben dieses Quiz noch nicht gespielt